Größte Stadt Europas A-Z - Statistiken

Allgemein
  • Dieses Quiz wurde 346 mal gespielt
  • Das Durchschnittsergebnis liegt bei 19 aus 26
Antwortstatistiken
Buchstabe Einwohner Land Stadt % Korrekt
A 929 Tsd. Niederlande Amsterdam
100%
B 3,77 Mio. Deutschland Berlin
100%
F 774 Tsd. Deutschland Frankfurt am Main
97%
M 12,5 Mio. Russland Moskau
97%
H 1,91 Mio. Deutschland Hamburg
96%
I 15,9 Mio. Türkei Istanbul
96%
K 2,95 Mio. Ukraine Kiew
96%
P 2,14 Mio. Frankreich Paris
96%
W 2,01 Mio. Österreich Wien
96%
R 2,75 Mio. Italien Rom
95%
E 587 Tsd. Deutschland Essen
94%
L 8,87 Mio. Großbritannien London
93%
Z 767 Tsd. Kroatien Zagreb
92%
T 849 Tsd. Italien Turin
88%
S 5,38 Mio. Russland Sankt Petersburg
82%
V 804 Tsd. Spanien Valencia
82%
G 621 Tsd. Großbritannien Glasgow
74%
O 1,01 MIo. Ukraine Odessa
61%
C 1,42 Mio. Ukraine Charkiw
60%
Y 138 Tsd. Großbritannien York
58%
D 902 Tsd. Ukraine Donezk
56%
J 1,35 Mio. Russland Jekaterinburg
40%
N 1,24 Mio. Russland Nischni Nowgorod
38%
U 1,13 Mio. Russland Ufa
29%
Q 63,6 Tsd. Frankreich Quimper
17%
X 65,1 Tsd. Griechenland Xanthi
16%
Keine übereinstimmenden Quizze gefunden
Verteilung der Resultate
Anzahl Personen mit jedem Resultat
Perzentil nach korrekt beantworteten Fragen
Ihre Resultats-Entwicklung
Sie haben dieses Quiz noch nicht gespielt